| 000 | 00676nam a2200169 4500 | ||
|---|---|---|---|
| 999 |
_c80827 _d80827 |
||
| 008 | 210310b ||||| |||| 00| 0 eng d | ||
| 040 |
_aDE-2950 _bger _cDE-2950 _erda |
||
| 100 | _aForum/ IHK OBB | ||
| 245 |
_aPendler verdienen bessere grenzüberschreitende Verkehrsverbindungen _bIHK Ostbrandenburg präsentiert Studie über polnische Arbeitnehmer in Brandenburg während der Grenzschließung _cForum/ IHK OBB |
||
| 651 | _aFrankfurt (Oder) | ||
| 653 | _aIHK Ostbrandenburg | ||
| 773 |
_dPotsdam: vmm wirtschaftsverlag _tForum Das Brandenburger Wirtschaftsmagazin _gHeft 1-2/ 2021, S. 55 |
||
| 942 | _cA | ||